[Event "Godesberger SK 1 - Herforder SV Königs"]
[Site "NRW-Liga - Gruppe 1 2019/2020"]
[Date "2019.12.15"]
[Round "4.2"]
[White "Seger, Ruediger"]
[Black "Bentel, Robin"]
[Result "0-1"]
[WhiteElo "2314"]
[BlackElo "2112"]
[PlyCount "80"]
[EventDate "2019.??.??"]
[SourceVersionDate "2020.03.16"]
[WhiteTeam "Godesberger SK 1"]
[BlackTeam "Herforder SV Königsspringer 1"]

1. e4 e5 2. Nf3 Nc6 3. Bc4 Bc5 4. c3 Nf6 5. d3 a6 6. O-O d6 7. Nbd2 O-O 8. h3
h6 9. Re1 Ba7 10. Bb3 Re8 11. Nf1 Be6 12. Ng3 d5 13. exd5 Nxd5 14. d4 exd4 15.
cxd4 Qd6 16. Ne4 Qd7 17. Bxh6 Bf5 18. Nc5 Rxe1+ 19. Nxe1 Qd6 20. Bg5 Nf4 21.
Nxb7 Nxh3+ 22. gxh3 Qg6 23. h4 Nxd4 24. Bc4 Re8 25. Nf3 Bc2 26. Qxd4 Bxd4 27.
Nxd4 Bd3 28. Bd5 Qb6 29. Be3 Qxb2 30. Rd1 Be4 31. Bxe4 Rxe4 32. Nc5 Rxh4 33. a4
Qa2 34. Nf3 Rg4+ 35. Kh2 Qe2 36. Rd8+ Kh7 37. Ne5 Rh4+ 38. Kg3 Qh5 39. Ncd7
Rh3+ 40. Kg2 Rh2+ 0-1

[Event "Godesberger SK 1 - Herforder SV Königs"]
[Site "NRW-Liga - Gruppe 1 2019/2020"]
[Date "2019.12.15"]
[Round "4.4"]
[White "Koehler, Christian Friedrich"]
[Black "Loemker, Michael"]
[Result "0-1"]
[WhiteElo "2219"]
[BlackElo "2055"]
[PlyCount "70"]
[EventDate "2019.??.??"]
[SourceVersionDate "2020.03.16"]
[WhiteTeam "Godesberger SK 1"]
[BlackTeam "Herforder SV Königsspringer 1"]

1. e4 g6 2. d4 Bg7 3. Nc3 d6 4. f4 Nf6 5. Nf3 O-O 6. Bd3 Na6 7. O-O c5 8. d5 e6
9. dxe6 Bxe6 10. f5 Bc8 11. fxg6 hxg6 12. Bc4 Nc7 13. Ng5 Qe7 14. Qe1 Be6 15.
Nxe6 fxe6 16. Bg5 Qd7 17. a4 Ng4 18. Ne2 Rxf1+ 19. Qxf1 Rf8 20. Qc1 d5 21. exd5
exd5 22. Bd3 Qf7 23. h3 c4 24. hxg4 Qf2+ 25. Kh1 cxd3 26. Ng1 Ne6 27. Bd2 dxc2
28. Nh3 Qc5 29. Qe1 Qc6 30. Qh4 Bxb2 31. Re1 c1=Q 32. Bxc1 Bxc1 33. g5 Bd2 34.
Rd1 d4 35. Qg4 Bc3 0-1

[Event "Godesberger SK 1 - Herforder SV Königs"]
[Site "NRW-Liga - Gruppe 1 2019/2020"]
[Date "2019.12.15"]
[Round "4.5"]
[White "Stoimenov, Ivan"]
[Black "Grabowski, Pawel"]
[Result "0-1"]
[WhiteElo "1978"]
[BlackElo "2263"]
[Annotator "Daniel"]
[PlyCount "90"]
[EventDate "2019.??.??"]
[SourceVersionDate "2020.03.16"]
[WhiteTeam "Herforder SV Königsspringer 1"]
[BlackTeam "Godesberger SK 1"]

1. d4 Nf6 2. Bf4 g6 3. Nc3 Bg7 4. e4 d6 5. Qd2 c6 6. Be2 b5 7. a3 Bb7 8. Bh6
Bxh6 9. Qxh6 Nbd7 10. Nf3 e5 11. dxe5 dxe5 12. O-O Qe7 13. Rad1 Ng4 14. Qd2
Ngf6 15. Qh6 a6 16. Ng5 Qf8 17. Qxf8+ Rxf8 18. f4 h6 19. Nh3 Ke7 20. f5 $11 c5
21. Nd5+ Nxd5 22. exd5 Kd6 23. b3 b4 24. axb4 cxb4 25. fxg6 fxg6 26. Rxf8 Rxf8
27. Nf2 Nc5 28. Ng4 Ne4 29. Bd3 Rf4 30. Nxh6 Nf2 31. Rd2 Nxd3 32. Rxd3 Bxd5 33.
g3 Rd4 34. Re3 Rd2 35. Ng4 Rxc2 36. Rxe5 Bxb3 37. Ra5 Ra2 38. Rg5 Bc2 39. Ne3
b3 40. Nc4+ Ke6 41. Re5+ Kf6 42. Rc5 Be4 43. Nd6 Bd3 44. Rc6 Ke7 45. Nc8+ Kd7
0-1

[Event "Godesberger SK 1 - Herforder SV Königs"]
[Site "NRW-Liga - Gruppe 1 2019/2020"]
[Date "2019.12.15"]
[Round "4.6"]
[White "Kutzner, Stephen"]
[Black "Quelle, Helmut"]
[Result "0-1"]
[WhiteElo "2139"]
[BlackElo "2020"]
[PlyCount "128"]
[EventDate "2019.??.??"]
[SourceVersionDate "2020.03.16"]
[WhiteTeam "Godesberger SK 1"]
[BlackTeam "Herforder SV Königsspringer 1"]

1. d4 Nf6 2. c4 g6 3. Nc3 Bg7 4. e4 d6 5. Nf3 O-O 6. Be2 e5 7. O-O c6 8. h3
Nbd7 9. Be3 exd4 10. Bxd4 Re8 11. Qc2 Nc5 12. Bxc5 dxc5 13. Rad1 Qc7 14. Rfe1
Nd7 15. Bf1 Ne5 16. Nd2 Bh6 17. Ne2 Rd8 18. Nb3 Be6 19. Nxc5 Bxc4 20. Nd4 Bxf1
21. Rxf1 Rd6 22. f4 Rad8 23. Ncb3 Rf6 24. Nf5 gxf5 25. Rxd8+ Qxd8 26. fxe5 Re6
27. Rxf5 Be3+ 28. Kh1 Qh4 29. Qd3 Bf4 30. Qf1 Bxe5 31. Rxf7 Bf6 32. Rd7 Rxe4
33. Rd1 Bxb2 34. Nd2 Rd4 35. Nf3 Rxd1 36. Qxd1 Qc4 37. Qd8+ Kg7 38. Qe7+ Qf7
39. Qg5+ Kh8 40. Qd8+ Qg8 41. Qe7 Qxa2 42. h4 h6 43. Qf8+ Kh7 44. Qf5+ Kg7 45.
Qg4+ Kh7 46. Qe4+ Kg7 47. Qg4+ Kh7 48. Qe4+ Kg8 49. Qg6+ Bg7 50. Qe8+ Kh7 51.
h5 Qb1+ 52. Kh2 Qf5 53. Kg1 a5 54. Nh4 Qg4 55. Nf3 a4 56. Qe1 Qxh5 57. Qe4+ Qg6
58. Qxa4 b5 59. Qa7 Qe4 60. Qf7 c5 61. Kf2 c4 62. Qh5 Qc6 63. Ng5+ Kh8 64. Qh3
Qc5+ 0-1

[Event "Godesberger SK 1 - Herforder SV Königs"]
[Site "NRW-Liga - Gruppe 1 2019/2020"]
[Date "2019.12.15"]
[Round "4.7"]
[White "Hiller, Stefan"]
[Black "Schulte-Geers, Niklas"]
[Result "0-1"]
[WhiteElo "1914"]
[BlackElo "2118"]
[PlyCount "54"]
[EventDate "2019.??.??"]
[SourceVersionDate "2020.03.16"]
[WhiteTeam "Herforder SV Königsspringer 1"]
[BlackTeam "Godesberger SK 1"]

1. e4 c6 2. Ne2 d5 3. e5 c5 4. b4 cxb4 5. d4 Nc6 6. a3 e6 7. axb4 Bxb4+ 8. c3
Ba5 9. Na3 Nge7 10. Bd2 O-O 11. Ng3 f6 12. exf6 gxf6 13. Bd3 e5 14. Qh5 e4 15.
Bc2 Kh8 16. Nb1 Qc7 17. Qh6 Be6 18. O-O Qd7 19. f3 Ng8 20. Qh5 Bb6 21. Kh1 f5
22. Na3 f4 23. Ne2 e3 24. Nxf4 Rxf4 25. Bxe3 Rf7 26. g4 Raf8 27. Bd1 Bxg4 0-1

[Event "Godesberger SK 1 - Herforder SV Königs"]
[Site "NRW-Liga - Gruppe 1 2019/2020"]
[Date "2019.12.15"]
[Round "4.8"]
[White "Stenzel, Thomas"]
[Black "Heuermann, Heinz-Burkhard"]
[Result "1-0"]
[WhiteElo "2089"]
[BlackElo "1809"]
[PlyCount "149"]
[EventDate "2019.??.??"]
[SourceVersionDate "2020.03.16"]
[WhiteTeam "Godesberger SK 1"]
[BlackTeam "Herforder SV Königsspringer 1"]

1. e4 d6 2. d4 g6 3. Nc3 Bg7 4. h3 Nd7 5. g3 e5 6. Be3 Ne7 7. Bg2 O-O 8. Nge2
c6 9. a4 h6 10. O-O f5 11. Qd2 Kh7 12. Rad1 fxe4 13. Nxe4 Nb6 14. dxe5 Nc4 15.
Qc1 Nxe3 16. Qxe3 Nf5 17. Qb3 Bxe5 18. g4 Nh4 19. f4 Bg7 20. Nxd6 Nxg2 21. Kxg2
Qe7 22. Ng3 Be6 23. Qe3 Bd5+ 24. Nde4 Qb4 25. b3 Rae8 26. c4 Bxe4+ 27. Nxe4 Qe7
28. Rde1 Qd7 29. Re2 Bd4 30. Qd3 c5 31. Rfe1 Qc6 32. Qf3 Rd8 33. h4 Rf7 34. Ng3
Rxf4 35. Qxc6 bxc6 36. Re7+ Kg8 37. Rxa7 Rxg4 38. Kh3 h5 39. Re4 Rxe4 40. Nxe4
Re8 41. Ng5 Re3+ 42. Kg2 Rxb3 43. a5 Rb2+ 44. Kf3 Bf2 45. a6 Bxh4 46. Ne6 Ra2
47. Rg7+ Kh8 48. a7 g5 49. Rc7 g4+ 50. Ke3 Bf2+ 51. Ke4 g3 52. Nf4 h4 53. Rc8+
Kh7 54. a8=Q Rxa8 55. Rxa8 g2 56. Nxg2 h3 57. Ra7+ Kg8 58. Ra8+ Kf7 59. Ra7+
Kg8 60. Ra8+ Kh7 61. Ra7+ Kh6 62. Ne3 Bg1 63. Ra2 Kg5 64. Nf1 Kg4 65. Re2 Bd4
66. Ne3+ Kh4 67. Nf5+ Kg4 68. Nxd4 cxd4 69. Kxd4 Kf3 70. Ra2 Kg3 71. Kc5 h2 72.
Ra1 Kg2 73. Kxc6 h1=Q 74. Rxh1 Kxh1 75. c5 1-0

[Event "SG Porz 2 - Krefelder SK Turm 1"]
[Site "NRW-Liga - Gruppe 1 2019/2020"]
[Date "2019.12.15"]
[Round "4.1"]
[White "Stomberg, Thomas"]
[Black "Suvorov, Luca"]
[Result "1/2-1/2"]
[WhiteElo "2297"]
[BlackElo "2203"]
[PlyCount "50"]
[EventDate "2019.??.??"]
[SourceVersionDate "2020.03.16"]
[WhiteTeam "Krefelder SK Turm 1"]
[BlackTeam "SG Porz 2"]

1. c4 Nf6 2. g3 e6 3. Bg2 d5 4. Nf3 dxc4 5. Qa4+ Nbd7 6. Qxc4 a6 7. Qc2 c5 8.
a4 b6 9. O-O Bb7 10. b3 Bd6 11. Bb2 O-O 12. d3 Re8 13. Nbd2 b5 14. axb5 axb5
15. d4 Rc8 16. Qd3 Qb6 17. Rfc1 e5 18. dxe5 Nxe5 19. Qf5 Neg4 20. e3 Rcd8 21.
h3 Be5 22. Nxe5 Nxe3 23. Ndc4 bxc4 24. Nxc4 Nxf5 25. Nxb6 Bxg2 1/2-1/2

[Event "SG Porz 2 - Krefelder SK Turm 1"]
[Site "NRW-Liga - Gruppe 1 2019/2020"]
[Date "2019.12.15"]
[Round "4.2"]
[White "Buscher, Michael"]
[Black "Kern, Guido"]
[Result "1/2-1/2"]
[WhiteElo "2295"]
[BlackElo "2265"]
[PlyCount "71"]
[EventDate "2019.??.??"]
[SourceVersionDate "2020.03.16"]
[WhiteTeam "SG Porz 2"]
[BlackTeam "Krefelder SK Turm 1"]

1. Nf3 c5 2. e4 Nc6 3. Bb5 g6 4. O-O Bg7 5. c3 Nf6 6. Re1 O-O 7. h3 e5 8. d3 d6
9. Nbd2 Ne8 10. Nf1 Nc7 11. Ba4 h6 12. Ng3 b5 13. Bb3 Be6 14. Bxe6 Nxe6 15. Nh2
d5 16. Qb3 dxe4 17. dxe4 Rb8 18. Be3 Qc7 19. Red1 Na5 20. Qc2 Nc4 21. Nhf1 Rfd8
22. Ne2 Rxd1 23. Rxd1 Rd8 24. b3 Nb6 25. Rxd8+ Qxd8 26. Qd2 Qxd2 27. Nxd2 h5
28. Kf1 Bf8 29. Nc1 Bd6 30. g3 f5 31. f3 Kf7 32. Nd3 Nd7 33. Ke2 a6 34. c4 f4
35. Bf2 g5 36. g4 1/2-1/2

[Event "SG Porz 2 - Krefelder SK Turm 1"]
[Site "NRW-Liga - Gruppe 1 2019/2020"]
[Date "2019.12.15"]
[Round "4.3"]
[White "Winkel, Peter"]
[Black "Pauly, Carlo"]
[Result "1/2-1/2"]
[WhiteElo "2178"]
[BlackElo "2239"]
[PlyCount "78"]
[EventDate "2019.??.??"]
[SourceVersionDate "2020.03.16"]
[WhiteTeam "Krefelder SK Turm 1"]
[BlackTeam "SG Porz 2"]

1. d4 Nf6 2. Nf3 g6 3. g3 Bg7 4. Bg2 O-O 5. O-O d6 6. c4 Nc6 7. Nc3 a6 8. b3
Rb8 9. d5 Na5 10. Bg5 b5 11. cxb5 axb5 12. b4 Nc4 13. Qb3 h6 14. Bxf6 Bxf6 15.
Rac1 e6 16. Rfd1 exd5 17. Nxd5 Ra8 18. a4 c6 19. Nxf6+ Qxf6 20. Nd4 Be6 21. Qf3
Qxf3 22. Bxf3 Rxa4 23. Bxc6 Rxb4 24. Nxe6 fxe6 25. Rb1 Rxb1 26. Rxb1 d5 27.
Rxb5 Ne5 28. Rb6 Kf7 29. Kg2 Rc8 30. Bb5 Rc2 31. h3 g5 32. Be8+ Kf6 33. Bh5 d4
34. Rb8 Nd7 35. Rg8 Ne5 36. Rh8 Kg7 37. Re8 Kf6 38. Rh8 Kg7 39. Re8 Kf6 1/2-1/2

[Event "SG Porz 2 - Krefelder SK Turm 1"]
[Site "NRW-Liga - Gruppe 1 2019/2020"]
[Date "2019.12.15"]
[Round "4.4"]
[White "Wagenknecht, Uwe"]
[Black "Kistella, Roman"]
[Result "1/2-1/2"]
[WhiteElo "2149"]
[BlackElo "2203"]
[PlyCount "109"]
[EventDate "2019.??.??"]
[SourceVersionDate "2020.03.16"]
[WhiteTeam "SG Porz 2"]
[BlackTeam "Krefelder SK Turm 1"]

1. Nf3 c5 2. c4 Nf6 3. g3 b6 4. Bg2 Bb7 5. O-O e6 6. Nc3 Be7 7. Re1 d6 8. e4
Nbd7 9. d4 cxd4 10. Nxd4 Qc7 11. Ndb5 Qb8 12. b3 a6 13. Nd4 O-O 14. Bb2 g6 15.
Rc1 Re8 16. h3 Bf8 17. Kh2 Bh6 18. Rc2 e5 19. Nde2 b5 20. Nd5 Nxd5 21. cxd5 b4
22. Nc1 a5 23. Bf1 Rc8 24. Rxc8+ Bxc8 25. Bc4 Ra7 26. a4 Nc5 27. Nd3 Nxd3 28.
Qxd3 f5 29. Bc1 fxe4 30. Qxe4 Bf5 31. Qe2 Bxc1 32. Rxc1 Rc7 33. Qe3 Rc5 34. f4
exf4 35. Qxf4 Qf8 36. Rf1 Qe7 37. Rf2 Bd7 38. Re2 Qf7 39. Qd4 Rc8 40. g4 Re8
41. Rxe8+ Qxe8 42. Kg2 Qe1 43. Qf4 Qe7 44. Qd4 h5 45. Bd3 hxg4 46. hxg4 Qh4 47.
Be2 Qe7 48. Bd3 Qg5 49. Kg3 Kf7 50. Qf4+ Qf6 51. g5 Qxf4+ 52. Kxf4 Bh3 53. Ke3
Bf5 54. Kd4 Kg7 55. Ke3 1/2-1/2

[Event "SG Porz 2 - Krefelder SK Turm 1"]
[Site "NRW-Liga - Gruppe 1 2019/2020"]
[Date "2019.12.15"]
[Round "4.5"]
[White "Van Gool, Rudi"]
[Black "Liard, Thibaud"]
[Result "0-1"]
[WhiteElo "2229"]
[BlackElo "2142"]
[Annotator "Daniel"]
[PlyCount "162"]
[EventDate "2019.??.??"]
[SourceVersionDate "2020.03.16"]
[WhiteTeam "Krefelder SK Turm 1"]
[BlackTeam "SG Porz 2"]

1. d4 Nf6 2. Nf3 g6 3. Nbd2 d5 4. b4 Bg7 5. Bb2 O-O 6. e3 b6 7. Be2 c5 8. dxc5
bxc5 9. bxc5 Qa5 10. O-O Qxc5 11. c4 dxc4 12. Nxc4 Qd5 13. Nfd2 Nc6 14. Bf3 Qe6
15. Rc1 Rb8 16. Nb3 Rd8 17. Qe2 Ne4 18. Bxg7 Kxg7 19. Qc2 Ng5 20. Be2 Nb4 21.
Qb2+ Qf6 22. Qxf6+ Kxf6 23. Nca5 Nxa2 24. Rc7 Rd7 25. Rc4 Ne6 26. Bg4 Rd3 27.
Bxe6 Bxe6 28. Rf4+ Kg7 29. Nd4 Bd5 30. Ndc6 Rb5 31. Ra4 Nc3 32. Raa1 e6 33.
Nxa7 Rb2 34. N7c6 Rdd2 35. Ne5 Re2 36. Nd3 Ra2 37. Nb4 Rxa1 38. Rxa1 Ba8 39.
Nc4 Ne4 40. f3 Bd5 41. Ne5 Nd6 42. e4 Bb3 43. Ra7 Kf6 44. Nbd3 Bc4 45. Rd7 Bxd3
46. Nxd3 Nc4 47. Nf4 Ra2 48. Rd3 Ne5 49. Rc3 $11 Rd2 50. Kf1 g5 51. Ke1 Ra2 52.
Ne2 Ng6 53. g3 Ne5 54. h3 h5 55. Kf2 Ng6 56. Ke3 h4 57. g4 e5 58. Rc6+ Ke7 59.
Nc3 Rh2 60. Nd5+ Kf8 61. Rf6 Nf4 62. Nxf4 exf4+ 63. Kd4 Rxh3 64. Ke5 Rxf3 65.
Kf5 h3 66. Kxg5 h2 67. Rh6 Rf2 68. Rh3 Ke7 69. Kf5 Kd6 70. g5 Kc5 71. e5 Kd4
72. e6 fxe6+ 73. Kxe6 Re2+ 74. Kd7 f3 75. g6 f2 76. Rh4+ Re4 77. g7 f1=Q 78.
Rxe4+ Kxe4 79. g8=Q h1=Q 80. Qg4+ Kd3 81. Qg3+ Qff3 0-1

[Event "SG Porz 2 - Krefelder SK Turm 1"]
[Site "NRW-Liga - Gruppe 1 2019/2020"]
[Date "2019.12.15"]
[Round "4.6"]
[White "Gallasch, Jonas"]
[Black "Neuer, Thomas"]
[Result "1/2-1/2"]
[WhiteElo "2103"]
[BlackElo "2095"]
[PlyCount "75"]
[EventDate "2019.??.??"]
[SourceVersionDate "2020.03.16"]
[WhiteTeam "SG Porz 2"]
[BlackTeam "Krefelder SK Turm 1"]

1. d4 e6 2. c4 Bb4+ 3. Nd2 Nf6 4. Ngf3 b6 5. g3 Bb7 6. Bg2 O-O 7. O-O d5 8. Ne5
Nbd7 9. Nd3 Be7 10. b3 c5 11. Bb2 Rc8 12. Re1 Qc7 13. Rc1 dxc4 14. Nxc4 Bxg2
15. Kxg2 Qb7+ 16. Kg1 cxd4 17. Bxd4 Rfd8 18. Qc2 Qd5 19. Qb2 Nc5 20. Bxc5 Bxc5
21. Nxc5 Rxc5 22. Red1 Qxd1+ 23. Rxd1 Rxd1+ 24. Kg2 h5 25. Qa3 Rd7 26. Ne3 Ra5
27. Qb2 Rc5 28. f3 Nd5 29. Nxd5 Rcxd5 30. Kf2 Rd2 31. Qc3 R7d5 32. a4 Kh7 33.
Qc7 Rd7 34. Qc6 g6 35. b4 R2d6 36. Qc3 Rd1 37. Qc6 R1d6 38. Qc3 1/2-1/2

[Event "SG Porz 2 - Krefelder SK Turm 1"]
[Site "NRW-Liga - Gruppe 1 2019/2020"]
[Date "2019.12.15"]
[Round "4.7"]
[White "Fehmer, Carsten"]
[Black "Gallasch, Robin"]
[Result "1-0"]
[WhiteElo "2057"]
[BlackElo "2013"]
[Annotator "Daniel"]
[PlyCount "103"]
[EventDate "2019.??.??"]
[SourceVersionDate "2020.03.16"]
[WhiteTeam "Krefelder SK Turm 1"]
[BlackTeam "SG Porz 2"]

1. Nf3 d5 2. g3 Nf6 3. Bg2 e6 4. d4 Be7 5. O-O O-O 6. c4 dxc4 7. Qa4 a6 8. Qxc4
b5 9. Qc2 Bb7 10. Bg5 Nbd7 11. Bxf6 Nxf6 12. Nbd2 Rc8 13. Nb3 c5 14. dxc5 Bd5
15. Rfd1 Qc7 16. Nfd4 Bxg2 17. Kxg2 Bxc5 18. Nxc5 Qxc5 19. Qxc5 Rxc5 20. Rac1
Rfc8 21. Rxc5 Rxc5 22. Nxb5 Kf8 23. Nc3 Ke7 24. Rd4 a5 25. f3 Nd7 26. Kf2 h5
27. h3 g6 28. f4 Nb6 29. g4 hxg4 30. hxg4 g5 31. e3 gxf4 32. exf4 Nc4 33. Ne4
Rc6 34. b3 Nb6 35. Kg3 Nd5 36. Ra4 Nc3 37. Nxc3 Rxc3+ 38. Kh4 Rc5 39. g5 Rd5
40. Kh5 Kd6 41. Kg4 Ke7 $11 42. Rc4 Kd7 43. Kf3 Rd2 44. Ra4 Rd5 45. Ke4 Kc6 46.
Rc4+ Kb5 47. Rc7 Rf5 48. Re7 Kb4 49. g6 fxg6 50. Rxe6 Ka3 51. Rxg6 Rb5 52. Rg2
1-0

[Event "SG Porz 2 - Krefelder SK Turm 1"]
[Site "NRW-Liga - Gruppe 1 2019/2020"]
[Date "2019.12.15"]
[Round "4.8"]
[White "Perkampus, Laurin"]
[Black "Gutkin, Ilya"]
[Result "0-1"]
[WhiteElo "2006"]
[BlackElo "2061"]
[PlyCount "62"]
[EventDate "2019.??.??"]
[SourceVersionDate "2020.03.16"]
[WhiteTeam "SG Porz 2"]
[BlackTeam "Krefelder SK Turm 1"]

1. d4 e6 2. c4 Bb4+ 3. Bd2 Qe7 4. e3 Nf6 5. Bd3 O-O 6. Nc3 d6 7. e4 e5 8. d5 a5
9. h3 Na6 10. Qe2 Bd7 11. Nf3 Nc5 12. Bc2 Nh5 13. O-O Nf4 14. Bxf4 exf4 15. Nb5
Bxb5 16. cxb5 Nd7 17. Nd4 Qf6 18. Rad1 Rfe8 19. Qg4 Ne5 20. Qf5 Qxf5 21. Nxf5
a4 22. Rd4 Bc5 23. Rxa4 Rxa4 24. Bxa4 Ra8 25. Bb3 Nd3 26. g3 g6 27. Nh4 fxg3
28. Kg2 gxf2 29. Kf3 Ne1+ 30. Ke2 Re8 31. Nf3 Rxe4+ 0-1

[Event "Krefelder SK Turm 1 - SG Niederkassel 1"]
[Site "NRW-Liga - Gruppe 1 2019/2020"]
[Date "2020.01.26"]
[Round "5.1"]
[White "Wigger, Jochen"]
[Black "Kern, Guido"]
[Result "1/2-1/2"]
[WhiteElo "2276"]
[BlackElo "2265"]
[PlyCount "46"]
[EventDate "2020.??.??"]
[SourceVersionDate "2020.03.16"]
[WhiteTeam "SG Niederkassel 1"]
[BlackTeam "Krefelder SK Turm 1"]

1. d4 e6 2. Bf4 Nf6 3. e3 c5 4. c3 d5 5. Nd2 Bd6 6. Bg3 O-O 7. Ngf3 b6 8. Bd3
Ba6 9. Bxa6 Nxa6 10. Qe2 Nb8 11. Rd1 Nc6 12. O-O Bxg3 13. hxg3 Qc7 14. Nb3 cxd4
15. exd4 Ne4 16. Nfd2 Nd6 17. Rfe1 Rae8 18. Qf3 a5 19. a3 a4 20. Nc1 Na5 21.
Nd3 Nac4 22. Nxc4 Nxc4 23. Re2 Nd6 1/2-1/2

[Event "Krefelder SK Turm 1 - SG Niederkassel 1"]
[Site "NRW-Liga - Gruppe 1 2019/2020"]
[Date "2020.01.26"]
[Round "5.2"]
[White "Winkel, Peter"]
[Black "Schienmann, Bruno"]
[Result "0-1"]
[WhiteElo "2177"]
[BlackElo "2219"]
[PlyCount "52"]
[EventDate "2020.??.??"]
[SourceVersionDate "2020.03.16"]
[WhiteTeam "Krefelder SK Turm 1"]
[BlackTeam "SG Niederkassel 1"]

1. d4 Nf6 2. Nf3 d6 3. g3 Nbd7 4. Bg2 e5 5. O-O c6 6. c4 Be7 7. Nc3 O-O 8. e4
Re8 9. Re1 Qc7 10. Rb1 Nf8 11. h3 a5 12. c5 dxc5 13. dxe5 N6d7 14. Nd5 cxd5 15.
exd5 Bd8 16. Bf4 Qb6 17. Nd2 Bc7 18. Nc4 Qa6 19. Bf1 b5 20. Na3 Bxe5 21. Nxb5
Qb6 22. d6 Bb7 23. Nc7 Qc6 24. f3 Bd4+ 25. Kh2 Rxe1 26. Qxe1 Qxf3 0-1

[Event "Krefelder SK Turm 1 - SG Niederkassel 1"]
[Site "NRW-Liga - Gruppe 1 2019/2020"]
[Date "2020.01.26"]
[Round "5.3"]
[White "Rybarczyk, Klaus"]
[Black "Kistella, Roman"]
[Result "1/2-1/2"]
[WhiteElo "2174"]
[BlackElo "2203"]
[PlyCount "25"]
[EventDate "2020.??.??"]
[SourceVersionDate "2020.03.16"]
[WhiteTeam "SG Niederkassel 1"]
[BlackTeam "Krefelder SK Turm 1"]

1. Nf3 Nf6 2. c4 e6 3. g3 d5 4. Bg2 dxc4 5. Qa4+ Nbd7 6. O-O a6 7. Qxc4 c5 8.
d4 b5 9. Qc2 Bb7 10. Nbd2 Rc8 11. dxc5 Rxc5 12. Qd1 Be7 13. Nb3 1/2-1/2

[Event "Krefelder SK Turm 1 - SG Niederkassel 1"]
[Site "NRW-Liga - Gruppe 1 2019/2020"]
[Date "2020.01.26"]
[Round "5.4"]
[White "Van Gool, Rudi"]
[Black "Stanetzek, Carsten"]
[Result "1-0"]
[WhiteElo "2229"]
[BlackElo "2132"]
[Annotator "Daniel"]
[PlyCount "99"]
[EventDate "2020.??.??"]
[SourceVersionDate "2020.03.16"]
[WhiteTeam "Krefelder SK Turm 1"]
[BlackTeam "SG Niederkassel 1"]

1. d4 d5 2. c4 c6 3. Nf3 Nf6 4. Nbd2 Bf5 5. Nh4 Bd7 6. g3 e6 7. Bg2 Be7 8. Nhf3
O-O 9. O-O a5 10. Ne5 Qb6 11. e3 Rc8 12. b3 Be8 13. Bb2 a4 14. e4 Na6 15. Nd3
axb3 16. e5 Nd7 17. axb3 Nb4 18. c5 Qb5 19. Nxb4 Qxb4 20. Qc2 b6 21. Bc3 Qb5
22. b4 f6 23. exf6 Bg6 24. Qb2 Bxf6 25. Rxa8 Rxa8 26. Ra1 Rxa1+ 27. Qxa1 bxc5
28. dxc5 Bxc3 29. Qxc3 Qe2 $11 30. Bf1 Qe1 31. b5 Ne5 32. b6 Nd3 33. Ne4 Qxc3
34. Nxc3 Nxc5 35. Na4 Nd7 36. Ba6 Kf7 37. Bc8 Nxb6 38. Nxb6 Ke7 39. Na4 Kd6 40.
Kf1 Bd3+ 41. Ke1 c5 42. Kd2 Bb5 43. Nc3 Bc4 44. h4 h6 45. f4 g6 46. Nd1 Bf1 47.
Nf2 h5 48. Nd3 c4 49. Ne5 d4 50. Ke1 1-0

[Event "Krefelder SK Turm 1 - SG Niederkassel 1"]
[Site "NRW-Liga - Gruppe 1 2019/2020"]
[Date "2020.01.26"]
[Round "5.5"]
[White "Mauelshagen, Martin"]
[Black "Neuer, Thomas"]
[Result "1/2-1/2"]
[WhiteElo "2105"]
[BlackElo "2095"]
[PlyCount "26"]
[EventDate "2020.??.??"]
[SourceVersionDate "2020.03.16"]
[WhiteTeam "SG Niederkassel 1"]
[BlackTeam "Krefelder SK Turm 1"]

1. d4 e6 2. e4 d5 3. exd5 exd5 4. Bd3 Nc6 5. c3 Bd6 6. Qf3 Be6 7. Ne2 Qf6 8.
Qxf6 Nxf6 9. Bf4 O-O-O 10. Nd2 h6 11. O-O-O Ne7 12. h3 Bf5 13. Bxd6 Rxd6
1/2-1/2

[Event "Krefelder SK Turm 1 - SG Niederkassel 1"]
[Site "NRW-Liga - Gruppe 1 2019/2020"]
[Date "2020.01.26"]
[Round "5.6"]
[White "Dorner, Matthias"]
[Black "Broehl, Stephan"]
[Result "0-1"]
[WhiteElo "2108"]
[BlackElo "2093"]
[PlyCount "80"]
[EventDate "2020.??.??"]
[SourceVersionDate "2020.03.16"]
[WhiteTeam "Krefelder SK Turm 1"]
[BlackTeam "SG Niederkassel 1"]

1. d4 d5 2. c3 Nf6 3. Bf4 c5 4. Nf3 Nc6 5. dxc5 e6 6. b4 a5 7. b5 Ne7 8. b6 Nc6
9. Bc7 Qd7 10. e3 Bxc5 11. Bb5 Bd6 12. Nd4 Bxc7 13. Qa4 Bxb6 14. Nxc6 O-O 15.
Nd4 Qe7 16. Nd2 e5 17. N4f3 Bf5 18. O-O h6 19. Rac1 Rfd8 20. Rfe1 Ne4 21. c4 d4
22. Nxe4 Bxe4 23. c5 Bxf3 24. gxf3 Bxc5 25. Qc2 b6 26. Qe4 Rac8 27. Kf1 dxe3
28. fxe3 Rd2 29. Qg4 Rcd8 30. Re2 Rxe2 31. Kxe2 Bxe3 32. Rc8 Bf4 33. Bd3 Bxh2
34. Qe4 g6 35. Rc6 Qg5 36. Kd1 Bf4 37. Kc2 Qg1 38. Kb3 Kg7 39. Qe2 Qd4 40. Kc2
Qa4+ 0-1

[Event "Krefelder SK Turm 1 - SG Niederkassel 1"]
[Site "NRW-Liga - Gruppe 1 2019/2020"]
[Date "2020.01.26"]
[Round "5.7"]
[White "Schnellbacher, Jan Eric"]
[Black "Fehmer, Carsten"]
[Result "1/2-1/2"]
[WhiteElo "1916"]
[BlackElo "2057"]
[PlyCount "32"]
[EventDate "2020.??.??"]
[SourceVersionDate "2020.03.16"]
[WhiteTeam "SG Niederkassel 1"]
[BlackTeam "Krefelder SK Turm 1"]

1. e4 e6 2. d4 d5 3. exd5 exd5 4. Nf3 Nc6 5. Bb5 Nge7 6. O-O a6 7. Ba4 b5 8.
Bb3 g6 9. Bg5 Bg7 10. Re1 h6 11. Bxe7 Nxe7 12. Qe2 Bf6 13. Ne5 O-O 14. Nd2 Qd6
15. c3 Bf5 16. Nf1 Kg7 1/2-1/2

[Event "Krefelder SK Turm 1 - SG Niederkassel 1"]
[Site "NRW-Liga - Gruppe 1 2019/2020"]
[Date "2020.01.26"]
[Round "5.8"]
[White "Komans, Dieter"]
[Black "Kneutgen, Alexander"]
[Result "0-1"]
[WhiteElo "2021"]
[BlackElo "1944"]
[Annotator "Daniel"]
[PlyCount "62"]
[EventDate "2020.??.??"]
[SourceVersionDate "2020.03.16"]
[WhiteTeam "Krefelder SK Turm 1"]
[BlackTeam "SG Niederkassel 1"]

1. e4 e6 2. d4 d5 3. Nd2 h6 4. Bd3 Nf6 5. Ngf3 c5 6. dxc5 dxe4 7. Bxe4 Bxc5 8.
Qe2 O-O 9. O-O Qc7 10. Bd3 Nbd7 11. Ne4 Be7 12. Nxf6+ Nxf6 13. Re1 Bd6 14. Ne5
Bxe5 15. Qxe5 Qxe5 16. Rxe5 Bd7 $11 17. b4 a6 18. Bb2 Rfd8 19. Re3 Bc6 20. Rg3
Kf8 21. Re1 Rd5 22. c4 Rg5 23. Rxg5 hxg5 24. f3 Rd8 25. Bb1 g4 26. Kf2 gxf3 27.
gxf3 Ke7 28. b5 axb5 29. Ba3+ Ke8 30. Re5 bxc4 31. Bb4 Nd5 0-1

[Event "SV Erkenschwick 1 - Godesberger SK 1"]
[Site "NRW-Liga - Gruppe 1 2019/2020"]
[Date "2020.01.26"]
[Round "5.1"]
[White "Nasuta, Grzegorz"]
[Black "Ris, Robert"]
[Result "1/2-1/2"]
[WhiteElo "2573"]
[BlackElo "2442"]
[PlyCount "70"]
[EventDate "2020.??.??"]
[SourceVersionDate "2020.03.16"]
[WhiteTeam "Godesberger SK 1"]
[BlackTeam "SV Erkenschwick 1"]

1. e4 c5 2. Nf3 Nc6 3. d4 cxd4 4. Nxd4 Nf6 5. Nc3 e5 6. Ndb5 d6 7. Bg5 a6 8.
Na3 b5 9. Nab1 Be7 10. Bxf6 Bxf6 11. a4 b4 12. Nd5 O-O 13. Bc4 Bg5 14. O-O Kh8
15. c3 Be6 16. cxb4 Nxb4 17. Nbc3 a5 18. b3 Rc8 19. Qe2 Rc5 20. Nxb4 axb4 21.
Nb5 Be7 22. Bxe6 fxe6 23. Rad1 Qb6 24. Rd2 g6 25. Rfd1 Rd8 26. g3 Kg7 27. h4
Rc6 28. Qg4 d5 29. exd5 exd5 30. Rxd5 Rc2 31. Qf3 Rf8 32. Qe3 Qxe3 33. fxe3
Rff2 34. a5 Rg2+ 35. Kf1 Rcf2+ 1/2-1/2